| 000 | 00986nmm a2200289 a 4500 | ||
|---|---|---|---|
| 001 | ocm0001864944 | ||
| 003 | TR-IsHL | ||
| 005 | 20201028172727.0 | ||
| 008 | 180529s2018 tu tur | ||
| 007 | cr cn | ||
| 020 | _a9786052259498 | ||
| 035 |
_a1864944 _b(N$T) |
||
| 050 | 0 | 4 |
_aPS3613.E87 _bN64 2018l |
| 090 | 0 | 4 |
_aPS3613.E87 _bN64 2018l |
| 100 | 1 | _aWesterman, Percy F. | |
| 245 | 1 | 0 |
_aThe nameless Island: a story of a modern robinson crusoe _h[electronic resource] / _cPercy F. Westerman ; illustrated by Edward S. Hodgson |
| 250 | _aFirst edition | ||
| 260 |
_aİstanbul : _bE-Kitap Projesi, _c2018 |
||
| 300 | _a264 p. | ||
| 650 | 4 | _aDil ve Edebiyat | |
| 650 | 4 | _aLanguage and Literature | |
| 650 | 0 | _aAmerikan romanı | |
| 650 | 0 | _aAmerican fiction | |
| 650 | 7 |
_aLITERARY COLLECTIONS / American / General _2bisacsh |
|
| 700 | 1 | _aHodgson, Edward S. | |
| 856 | 4 | 0 | _uhttp://search.ebscohost.com/login.aspx?direct=true&scope=site&db=e011xww&AN=1864944 |
| 999 |
_c17344 _d17344 |
||